[Event "WYCC 2018 O18"]
[Site "Halkidiki"]
[Date "2018.10.28"]
[Round "9"]
[White "Hakobyan, Aram"]
[Black "Beukema, Jasper"]
[Result "1-0"]
[WhiteElo "2565"]
[BlackElo "2256"]
[Annotator "TA"]
[PlyCount "65"]
[EventDate "2018.10.20"]
[EventType "swiss"]
[EventCountry "GRE"]
[SourceTitle "playchess.com"]
[Source "ChessBase"]
[SourceQuality "1"]

{[%evp 24,65,53,48,46,46,47,59,62,75,117,104,106,114,112,103,113,96,139,87,141,130,193,197,179,172,179,188,196,220,374,316,601,578,914,913,905,904,879,858,1078,1046,29989,29990]} 1. e4 e5 2. Nf3 Nc6 3. Bb5 a6 4. Ba4 Nf6 5. d3 d6 6. c3 Be7 7. Nbd2 O-O 8. O-O Re8 9. Re1 {C77: Ruy Lopez: 3...a6 4 Ba4 Nf6, unusual lines} Bf8 10. Nf1 g6 (10... h6 11. Ng3 b5 12. Bc2 d5 13. a4 dxe4 14. dxe4 Qxd1 15. Bxd1 b4 16. h3 bxc3 17. bxc3 Rb8 18. a5 Na7 19. Ba4 {0-1 (79) Vachier Lagrave,M (2779)-Dominguez Perez,L (2739) chess.com INT 2018}) 11. Ng3 Bg7 12. h3 h6 13. d4 {LiveBook: 6 Games} b5 14. Bc2 Bb7 15. a4 d5 $146 ({Predecessor:} 15... Nb8 16. b3 Nbd7 17. Bb2 c5 18. Qd3 Qb6 19. a5 Qc7 20. Qd2 exd4 21. cxd4 cxd4 22. Bxd4 {1-0 (39) Balabaev,T (2393)-Aradhya,G (2230) chess.com INT 2017}) 16. dxe5 Nxe5 17. Nxe5 Rxe5 18. f4 Re8 {[%cal Rf6e4]} 19. e5 Nd7 20. Be3 Qh4 21. Nf1 (21. Qf3 $142) 21... Bf8 (21... c5 $142) 22. Nh2 $16 {[%cal Bf1h2,Bh2g4,Bg4f6][%mdl 32]} Bc5 (22... c5 $16 {was called for.}) 23. Bxc5 $18 Nxc5 24. Ng4 Kg7 25. f5 h5 26. Nf6 {fxg6 is the strong threat.} Re7 $2 {[#]} (26... Red8 {keeps fighting.} 27. Qd4 Qxd4+ 28. cxd4 Nxa4 29. fxg6 fxg6) 27. Nxh5+ $1 {[%mdl 512]} Kf8 $2 (27... Kh8 28. fxg6 fxg6) (27... gxh5 28. f6+) 28. fxg6 fxg6 29. Bxg6 Qg5 30. Rf1+ {[%cal Be1f1,Bf1f3,Bf3g3][%mdl 32]} Kg8 31. Rf3 Kh8 32. Rg3 Qxe5 33. Qd2 {Precision: White = 88%, Black = 25%.} 1-0

[Event "WYCC 2018 O18"]
[Site "Halkidiki"]
[Date "2018.10.28"]
[Round "9"]
[White "Nguyen, Thai Dai Van"]
[Black "Burovic, Rijad"]
[Result "1/2-1/2"]
[WhiteElo "2556"]
[BlackElo "2380"]
[Annotator "TA"]
[PlyCount "66"]
[EventDate "2018.10.20"]
[EventType "swiss"]
[EventCountry "GRE"]
[SourceTitle "playchess.com"]
[Source "ChessBase"]
[SourceQuality "1"]

{[%evp 15,66,19,31,35,63,62,62,51,110,59,59,71,96,98,92,86,147,93,256,243,211,91,82,79,91,38,18,0,0,0,0,0,0,0,0,0,0,0,0,0,0,0,0,-4,0,0,0,-94,-97,-90,0,-65,0]} 1. e4 e6 2. d4 d5 3. Nc3 Bb4 4. e5 Ne7 5. a3 Bxc3+ 6. bxc3 b6 7. Qg4 Kf8 8. Nh3 {C16: French: 3 Nc3 Bb4 4 e5: Lines without ...c5} Ng6 {LiveBook: 4 Games} (8... Ba6 9. Bxa6 Nxa6 10. Nf4 Nb8 11. Nh5 Nf5 12. Bg5 Qe8 13. O-O h6 14. Bd2 Qa4 15. Qd1 Nd7 {1-0 (44) Aronian,L (2767)-Caruana,F (2822) chess.com INT 2018}) 9. a4 Ba6 $146 ({Predecessor:} 9... Kg8 10. Bd3 Ba6 11. Bxa6 Nxa6 12. O-O Nb8 13. Ng5 Nc6 14. c4 dxc4 15. Nxf7 Kxf7 {1-0 (28) Nijboer,F (2465)-Visser,Y (2370) Enschede 1991}) 10. Bxa6 {White is slightly better.} Nxa6 11. O-O Nb8 (11... h5 $14 12. Qg3 c5) 12. Ba3+ (12. Ng5 $16) 12... Kg8 $14 13. Ng5 Nc6 14. f4 $1 {[%cal Rf4f5] Black must now prevent f5.} ({Worse is} 14. Nxe6 Qc8 $17) 14... h5 15. Qh3 $1 {aiming for Nxe6!} Nge7 {[#]} 16. Nxe6 $1 {[%mdl 512]} fxe6 $2 (16... Qc8 $16) 17. Qxe6+ $18 Kh7 {[#]} 18. Bxe7 (18. Qh3 $1 $18) 18... Nxe7 $16 {[#]} 19. f5 $1 {[%cal Rf5f6] And now f6 would win.} Rf8 20. Rf3 (20. Rae1 $16) 20... Qe8 $1 $14 {[%cal Re8f7]} 21. f6 gxf6 22. exf6 {Strongly threatening f7.} Ng8 $1 23. Qxe8 Raxe8 24. f7 Re2 {...Nh6 is the strong threat.} 25. fxg8=Q+ Kxg8 26. Rxf8+ Kxf8 $11 {[%mdl 4096] Endgame KR-KR} 27. Rf1+ Kg7 28. Rf2 Re1+ 29. Rf1 Re2 30. Rf5 Kg6 31. Rf2 (31. Rxd5 $11 Rxc2 32. a5) 31... Re1+ $17 {[%mdl 1024] Black has strong compensation.} 32. Rf1 Re2 33. Rf2 $1 {[%cal Rf2e2]} Re1+ {Precision: White = 61%, Black = 48%.} (33... Re3 $15) 1/2-1/2

[Event "WYCC 2018 O18"]
[Site "Halkidiki"]
[Date "2018.10.28"]
[Round "9"]
[White "Shevchenko, Kirill"]
[Black "Agmanov, Zhandos"]
[Result "0-1"]
[WhiteElo "2549"]
[BlackElo "2354"]
[Annotator "TA"]
[PlyCount "92"]
[EventDate "2018.10.20"]
[EventType "swiss"]
[EventCountry "GRE"]
[SourceTitle "playchess.com"]
[Source "ChessBase"]
[SourceQuality "1"]

{[%evp 23,92,14,20,0,0,0,6,-14,-16,-17,-7,-29,-36,-24,-24,-33,-11,-14,0,0,15,10,10,10,10,4,11,17,12,11,12,4,4,4,4,4,4,4,4,-10,4,0,4,-6,4,0,0,0,0,0,0,0,0,-3,0,-101,-64,-308,-270,-466,-456,-571,-573,-565,-562,-552,-542,-710,-710,-5968,-5804]} 1. e4 e6 2. d4 d5 3. e5 c5 4. c3 Nc6 5. Nf3 Qb6 6. a3 Bd7 7. b4 cxd4 8. cxd4 Rc8 9. Bb2 Nge7 10. Nc3 {[%cal Bb1c3,Bc3a4,Ba4c5][%mdl 32] C02: French: Advance Variation} Na5 11. Na4 Qc6 12. Nc5 Nc4 {LiveBook: 13 Games} 13. Qb1 $146 ({Predecessor:} 13. Bc1 b6 14. Nxd7 Qxd7 15. Bd3 Nc6 16. O-O b5 17. h4 h6 {0-1 (38) Hendriks,W (2417)-L'Ami,E (2640) Dieren 2013}) 13... b6 14. Nxd7 Qxd7 15. Bc1 b5 16. Bd3 h6 17. Nd2 Nc6 18. Nb3 a5 19. bxa5 Qa7 20. O-O Rb8 21. Be3 N6xa5 22. Nxa5 Qxa5 23. a4 {Strongly threatening Bxc4.} b4 $1 {[%cal Rb4b3]} 24. Qb3 Be7 25. Bxc4 dxc4 26. Qxc4 {Threatens to win with Qc6+.} O-O $1 27. Qb3 (27. Rfc1 {is interesting.} Rb7 28. Rc2 Rfb8 29. Qd3 Ra7 30. Qb3) 27... Rbc8 28. Rfc1 Rxc1+ 29. Rxc1 Ra8 30. Ra1 Rc8 31. Qd3 Rb8 32. Qb3 Rc8 33. Qd3 Rb8 34. Bd2 Qd5 35. a5 b3 36. Rb1 b2 37. a6 Qa2 $1 38. h3 Ra8 39. Qc2 {[#]} (39. Bc3 $11 Ba3 40. Bxb2 Bxb2 41. Qc2) 39... Ba3 $1 $17 40. Rd1 $2 (40. Ba5 $15) 40... Rxa6 $19 41. Kh2 $2 (41. Qc8+ Bf8 42. Qc2) 41... Rb6 {Black is clearly winning.} 42. Rb1 {[#]} Rc6 $1 {[%mdl 512]} 43. Qe4 {[#]} (43. Qxc6 Qxb1) 43... Qxb1 $1 {[%mdl 512]} 44. Qxb1 Rc1 $1 {[%cal Rc1b1]} 45. Qd3 Ra1 46. Bb4 Bxb4 {Precision: White = 32%, Black = 64%.} 0-1

[Event "WYCC 2018 O18"]
[Site "Halkidiki"]
[Date "2018.10.28"]
[Round "9"]
[White "Van Foreest, Lucas"]
[Black "Lazov, Toni"]
[Result "0-1"]
[WhiteElo "2499"]
[BlackElo "2292"]
[Annotator "TA"]
[PlyCount "78"]
[EventDate "2018.10.20"]
[EventType "swiss"]
[EventCountry "GRE"]
[SourceTitle "playchess.com"]
[Source "ChessBase"]
[SourceQuality "1"]

{[%evp 9,78,0,5,-12,-20,-23,-12,-61,-59,-104,-93,-96,-95,-123,-134,-142,-132,-142,-141,-139,-142,-132,-87,-158,-137,-195,-137,-184,-175,-326,-314,-323,-314,-330,-329,-472,-451,-540,-327,-395,-277,-275,-283,-279,-254,-253,-224,-195,-203,-224,-212,-297,-279,-299,-289,-284,-284,-268,-131,-135,-177,-187,-147,-133,-133,-29971,-29973,-29973,-29974,-29975,-29975]} 1. d3 c5 2. g3 Nc6 3. Bg2 g6 4. h4 $146 {[%cal Bh2h4,Bh4h5][%mdl 32]} ({Predecessor:} 4. e4 Bg7 5. Ne2 Nf6 6. O-O O-O 7. c4 Ne8 8. Nbc3 Nc7 9. Rb1 d6 10. a3 a5 11. Kh1 Rb8 12. a4 Ne6 13. f4 Ned4 14. Nxd4 Nxd4 15. Be3 f5 16. Nb5 Bd7 17. Nxd4 cxd4 18. Bd2 Bc6 19. exf5 gxf5 {1-0 (57) Mamedov,R (2637)-Kurnosov,I (2657) Khanty-Mansiysk 2013}) 4... h6 5. c4 Bg7 6. h5 {A00: Irregular Openings} g5 7. Nc3 d6 8. Nh3 {The position is equal.} Nf6 9. e3 Bg4 {[%cal Bc8g4,Bg4h5,Bh5g6][%mdl 32]} 10. f3 Bxh5 11. g4 Bg6 12. f4 e6 13. Bxc6+ bxc6 14. e4 gxf4 15. Nxf4 Nd7 16. Qe2 (16. Bd2 $142) 16... Rb8 $17 17. Nd1 (17. Kd1 $17 {is a better defense.}) 17... Ne5 ({Better is} 17... Bd4 $19 18. Kd2 Ne5) 18. Be3 d5 {[%cal Bd6d5,Bd5d4][%mdl 32]} 19. Nxg6 $2 (19. Rh3) 19... fxg6 $19 ({Less strong is} 19... Nxg6 20. cxd5 cxd5 21. exd5 $17) 20. O-O {intending exd5.} d4 21. Bf4 O-O 22. b3 (22. Qh2 $142 Nxg4 23. Qg2) 22... Qh4 {[#] Hoping for ...Rxf4!} 23. Qg2 Rb7 24. Nb2 Rbf7 25. Qg3 Qxg3+ 26. Bxg3 Nxg4 27. Bd6 Rxf1+ 28. Rxf1 Rxf1+ 29. Kxf1 Bf8 30. Bxf8 (30. Bb8 {was called for.}) 30... Kxf8 {[%mdl 4096] Endgame KN-KN} 31. Na4 Ke7 32. Nxc5 h5 33. a4 Ne5 (33... e5 $19 {is more deadly.} 34. Kg1 Kd6) 34. b4 $17 g5 35. Kg2 Nd7 {Strongly threatening ...Nxc5.} 36. Nxd7 Kxd7 37. e5 $2 {[%mdl 8192] [#]} (37. a5 $17) 37... a5 $1 {[%mdl 512] Black mates.} 38. b5 (38. bxa5 c5) 38... cxb5 39. cxb5 Kc7 {Precision: White = 30%, Black = 69%.} 0-1

[Event "WYCC 2018 O18"]
[Site "Halkidiki"]
[Date "2018.10.28"]
[Round "9"]
[White "Gazik, Viktor"]
[Black "Triapishko, Alexandr"]
[Result "1/2-1/2"]
[WhiteElo "2486"]
[BlackElo "2508"]
[Annotator "TA"]
[PlyCount "116"]
[EventDate "2018.10.20"]
[EventType "swiss"]
[EventCountry "GRE"]
[SourceTitle "playchess.com"]
[Source "ChessBase"]
[SourceQuality "1"]

{[%evp 23,116,11,19,13,9,0,0,-18,0,-15,13,-26,-29,-28,-12,0,0,0,0,0,0,0,0,-7,0,0,13,0,0,0,7,6,11,0,13,0,139,0,0,0,0,0,0,0,0,0,7,2,7,0,0,0,0,0,0,0,0,0,0,0,0,0,0,0,0,0,0,0,0,0,0,0,0,0,0,0,0,0,0,0,0,0,0,0,0,0,0,0,0,0,0,0,0,0,0]} 1. c4 Nf6 2. g3 g6 3. Bg2 Bg7 4. Nc3 O-O 5. e4 c5 6. Nge2 Nc6 7. O-O d6 8. d3 Ne8 9. Be3 Nd4 10. Qd2 Nc7 {A36: Symmetrical English vs ...g6: 4 Bg2 Bg7} 11. Rae1 Rb8 12. f4 f5 {LiveBook: 3 Games} 13. b4 $146 ({Predecessor:} 13. Bf2 b5 14. Nxd4 cxd4 15. Nd5 fxe4 16. dxe4 e5 17. Nb4 Bd7 18. fxe5 dxe5 {0-1 (55) Cabrilo,G (2490)-Zontakh,A (2580) Mataruska Banja 1996}) 13... b6 14. a3 Bb7 15. h3 Qd7 16. Kh2 e5 17. Ng1 (17. Nd5 {keeps more tension.} Nb3 18. Qa2 Nd4 19. fxe5 dxe5 20. Qd2) 17... fxe4 18. Nxe4 Nf5 (18... d5 {seems wilder.} 19. Ng5 Nf5 20. fxe5 Bxe5 21. Bf4 Bxf4 22. Rxf4 cxb4 23. axb4 Rbe8) 19. fxe5 $1 Bxe4 20. Bxe4 Bxe5 21. Bf4 Bxf4 22. Qxf4 Nd4 23. Qg5 Rxf1 24. Rxf1 Nde6 25. Qg4 Rf8 26. Nf3 Qf7 27. h4 Kh8 28. Kg2 Qg7 29. Rf2 Nd4 (29... Qd7 $11 {remains equal.} 30. Ng5 Rxf2+ 31. Kxf2 Qe7) 30. Ng5 (30. Nxd4 $16 Rxf2+ 31. Kxf2 Qxd4+ 32. Kg2) 30... Rxf2+ $11 {The position is equal.} 31. Kxf2 {[#] And now Qc8+ would win.} Qf6+ 32. Kg2 {White wants to mate with Qc8+.} Nce6 33. Nxe6 Qxe6 34. Qg5 Nf5 35. g4 Ne7 36. h5 gxh5 37. Qxh5 {[%csl Ge4][%cal Rh5h7] [#]} h6 $1 38. g5 Kg7 39. b5 hxg5 40. Qxg5+ Kf7 41. Qh5+ Kg7 42. Qe8 d5 43. cxd5 Nxd5 44. Qa8 Qg4+ 45. Kh2 Qf4+ 46. Kh3 Qe3+ 47. Kh2 Qf2+ 48. Kh3 Qf1+ 49. Kh2 Qf4+ 50. Kh3 Qh6+ 51. Kg3 Qg5+ 52. Kf2 Qe3+ 53. Kf1 Qf4+ 54. Kg1 Qg3+ 55. Kf1 Qf4+ 56. Kg1 Qg5+ 57. Kf2 Qe3+ 58. Kf1 Qf4+ {Precision: White = 44%, Black = 58%.} 1/2-1/2

[Event "WYCC 2018 O18"]
[Site "Halkidiki"]
[Date "2018.10.28"]
[Round "9"]
[White "Livaic, Leon"]
[Black "Ahmadzada, Ahmad"]
[Result "1/2-1/2"]
[WhiteElo "2481"]
[BlackElo "2343"]
[Annotator "TA"]
[PlyCount "131"]
[EventDate "2018.10.20"]
[EventType "swiss"]
[EventCountry "GRE"]
[SourceTitle "playchess.com"]
[Source "ChessBase"]
[SourceQuality "1"]

{[%evp 22,131,70,75,95,92,87,92,83,85,72,52,108,106,113,35,49,45,49,52,116,16,10,23,90,83,83,72,79,76,80,88,79,77,91,95,153,72,70,0,135,0,80,23,28,27,23,23,35,16,19,34,101,110,108,110,108,112,156,147,147,147,132,11,16,0,0,0,0,0,0,0,0,0,0,0,0,0,0,0,0,0,0,0,0,0,0,0,0,0,0,0,0,0,0,0,0,0,0,0,0,0,0,0,0,0,0,0,0,0,0,0]} 1. d4 Nf6 2. c4 e6 3. Nf3 c5 4. d5 exd5 5. cxd5 d6 6. Nc3 g6 7. e4 Bg7 8. Bg5 O-O 9. Nd2 Re8 10. Be2 Nbd7 {A71: Modern Benoni: 6 e4 g6 7 Nf3 Bg7 8 Bg5 without Be2} 11. O-O h6 12. Bh4 {LiveBook: 3 Games} g5 {White is better.} 13. Bg3 Ne5 14. f4 $146 ({Predecessor:} 14. Re1 h5 15. Bxe5 Rxe5 16. Nf3 Nd7 17. Nxe5 Nxe5 18. Qd2 g4 {0-1 (46) Paciencia,E (2327)-Deepan Chakkravarthy,J (2530) Kuala Lumpur 2018}) 14... Ng6 15. fxg5 hxg5 16. Qc2 {Hoping for Nc4.} Ne5 (16... Ng4 $14) 17. Bxe5 $16 Rxe5 18. Rf2 ({White should play} 18. Nc4 $16 Re7 19. a4) 18... Ng4 19. Bxg4 $1 Bxg4 20. Nc4 Re7 (20... Bh5 $14) 21. Ne3 (21. Qd2 $16) 21... Bh5 $11 22. Nf5 Bd4 (22... Bg6 $11) 23. Nxd4 $16 ({Reject} 23. Nxe7+ $6 Qxe7 24. Kh1 Bxf2 $11) 23... cxd4 24. Ne2 $1 $36 {[%mdl 2048] Keeping Black busy.} Bg6 {[#]} 25. Ng3 $1 Re5 26. Raf1 Qe7 27. Rf6 Re8 {[%cal Rg6e4]} 28. Qd2 Kg7 (28... d3 $142) 29. R6f2 (29. Qxd4 $142 Qxf6 30. Rxf6 Kxf6 31. Qb4) 29... Kg8 30. Rf6 (30. Nf5 $14 Bxf5 31. Rxf5) 30... Kg7 $1 31. R6f2 (31. Qxd4 $142 b6 32. Qb4) 31... Kg8 32. Qxd4 ({White should try} 32. Nf5 $16 Bxf5 33. Rxf5) 32... Bxe4 $11 33. Nxe4 Rxe4 34. Qxa7 Re1 35. Qd4 Rxf1+ 36. Rxf1 Qe3+ ({Better is} 36... Qe5 $14 37. Qd2 Kg7) 37. Qxe3 $16 Rxe3 {[%mdl 4096] Endgame KR-KR} 38. Rf3 Re7 39. Rg3 f6 40. h4 Kf7 41. hxg5 fxg5 {[#]} 42. Rxg5 (42. Kf2 $1 $16) 42... Re1+ $1 $11 {The position is equal.} 43. Kh2 {Rg3 is the strong threat.} Re2 44. b3 Rxa2 45. Rg4 Kf6 46. Rb4 Ke5 47. Rb5 Rd2 48. Kg3 Ke4 49. Rxb7 Rxd5 50. Re7+ Kd4 51. Kf4 Rb5 52. Re4+ Kc3 53. Re3+ Kd2 54. g4 d5 55. Rh3 Rb4+ 56. Kf5 d4 57. g5 {And now g6 would win.} d3 58. g6 Rb5+ 59. Ke4 Rb4+ 60. Kf5 {Threatens to win with g7.} Rb5+ 61. Kf6 Rb6+ 62. Kg5 Rb5+ 63. Kh6 Rxb3 64. g7 Rb8 65. Kh7 Rb7 66. Kh8 {Precision: White = 52%, Black = 73%.} 1/2-1/2

[Event "WYCC 2018 O18"]
[Site "Halkidiki"]
[Date "2018.10.28"]
[Round "9"]
[White "Fakhrutdinov, Timur"]
[Black "Costachi, Mihnea"]
[Result "1-0"]
[WhiteElo "2472"]
[BlackElo "2484"]
[Annotator "TA"]
[PlyCount "149"]
[EventDate "2018.10.20"]
[EventType "swiss"]
[EventCountry "GRE"]
[SourceTitle "playchess.com"]
[Source "ChessBase"]
[SourceQuality "1"]

{[%evp 17,149,0,8,0,-1,0,0,0,0,0,0,0,4,-7,0,0,0,-14,18,14,18,28,21,11,12,16,16,8,18,12,7,4,35,35,35,39,39,31,90,81,124,76,70,37,62,37,52,57,57,70,60,63,71,61,80,62,76,60,72,65,101,92,91,88,152,160,146,142,147,144,215,207,208,167,226,173,183,175,182,174,204,210,205,149,140,146,156,76,272,264,238,247,234,193,272,266,257,259,240,133,256,193,455,445,541,547,958,504,553,554,547,546,615,615,665,650,641,621,912,810,1956,1895,1955,1906,6131,5709,12838,12839,12839,12839,12839,12838,12845,12845]} 1. e4 e5 2. Nf3 Nc6 3. Nc3 Nf6 4. Bb5 Bd6 5. d3 a6 6. Ba4 {C48: Four Knights: 4 Bb5, replies other than 4...Bb4} O-O (6... b5 7. Bb3 Na5 8. d4 exd4 9. Qxd4 O-O 10. Bg5 Be7 11. e5 Ne8 12. Bxe7 Qxe7 13. Nd5 {½-½ (63) Hou,Y (2658)-Ponomariov,R (2686) Shenzhen 2018}) 7. Bg5 h6 8. Bh4 b5 9. Bb3 Be7 {LiveBook: 6 Games} 10. a3 d6 11. h3 Be6 12. Bxf6 Bxf6 13. Nd5 Na5 $146 14. Ba2 c6 15. Ne3 Bxa2 16. Rxa2 Nb7 17. O-O g6 18. b4 Bg7 19. a4 d5 20. axb5 axb5 21. Rxa8 Qxa8 22. exd5 cxd5 23. Nxd5 {next c4 is good for White.} Nd6 24. Ne3 Qa3 25. Qa1 Qxb4 26. Nxe5 Qf4 27. d4 Ne4 (27... Nf5 $14 28. Nxf5 Qxf5) 28. Nd5 $16 Qh4 29. Nf3 Qd8 30. Ne3 Qd7 31. Rb1 {[%cal Bf1b1,Bb1b3,Bb3a3][%mdl 32]} Rc8 32. Rb3 Qc6 33. Qf1 Nd6 34. Qd3 Qa6 35. Ra3 Qc6 36. Ne5 Qb7 37. Rb3 Qe7 38. Nf3 Kh7 39. h4 $36 {[%mdl 2048] White is on the roll.} Kg8 40. h5 Qe6 ({Better is} 40... gxh5 41. Nf5 Nxf5 42. Qxf5 Qe6 43. Qxh5 (43. Rxb5 Qxf5 44. Rxf5 Rxc2 $16) 43... Rxc2 44. Rxb5 Qd6) 41. hxg6 Qxg6 42. Qxg6 fxg6 43. Kf1 Kf7 (43... g5 $16 44. Ke2 g4) 44. Ke2 $18 Ne4 45. Ng4 Ke6 (45... h5 {is a better defense.}) 46. Ke3 Nd6 {[#]} 47. Kd3 $1 Ra8 48. Ne3 g5 49. Rc3 Kd7 50. Rc5 Ra3+ 51. Ke2 b4 52. Rd5 ({White should play} 52. Ne5+ Ke6 53. N5c4 Nxc4 54. Rxc4) 52... Bf8 $2 (52... Ke6 $16 {was called for.} 53. Rc5 Kd7 54. Ne5+ Ke6) 53. Ne5+ Ke6 {...Rxe3+! is the strong threat.} 54. Nd3 Nc4 55. Rd8 Be7 (55... Nxe3 {might work better.} 56. fxe3 (56. Kxe3 Bd6 $16) 56... Bd6) 56. Rh8 Nxe3 57. Rxh6+ ({Don't do} 57. fxe3 $6 Ra2 $18) ({Don't take} 57. Kxe3 $6 Kd5 $16) 57... Kd5 58. Kxe3 {[%mdl 4096] Endgame KRB-KRN} (58. fxe3 $18 {And now Rb6 would win.} Ra2 59. Ne1) 58... Ra2 (58... Rc3 $16 {keeps fighting.}) 59. Rh7 Ke6 $2 {[#]} (59... Bd6) 60. d5+ $1 {[%cal Bd4d5,Bd5d6][%mdl 32] White is clearly winning.} Kf6 (60... Kxd5 61. Rxe7) 61. Rh6+ Kf5 62. Rc6 g4 63. d6 Bg5+ 64. Kd4 Ke6 65. Nc5+ Kf7 66. Rc7+ Kg6 67. Ne4 b3 68. cxb3 Bd8 69. Rc8 Bb6+ 70. Kd5 Kf7 71. Rb8 Ba5 72. Ra8 Ra1 73. d7 Rd1+ 74. Kc6 Rc1+ 75. Nc5 {Precision: White = 73%, Black = 35%.} 1-0

[Event "WYCC 2018 O18"]
[Site "Halkidiki"]
[Date "2018.10.28"]
[Round "9"]
[White "Radovanovic, Mihajlo"]
[Black "Sarana, Alexey"]
[Result "0-1"]
[WhiteElo "2466"]
[BlackElo "2641"]
[Annotator "TA"]
[PlyCount "72"]
[EventDate "2018.10.20"]
[EventType "swiss"]
[EventCountry "GRE"]
[SourceTitle "playchess.com"]
[Source "ChessBase"]
[SourceQuality "1"]

{[%evp 24,72,24,0,20,-10,18,25,50,57,58,56,60,42,47,-104,-97,-89,-35,-41,0,0,0,0,0,0,0,-407,-366,-461,-354,-577,-575,-659,-666,-1089,-786,-790,-783,-781,-827,-818,-834,-830,-803,-813,-783,-2385,-811,-899,-851]} 1. d4 Nf6 2. c4 g6 3. Nc3 d5 4. cxd5 Nxd5 5. e4 Nxc3 6. bxc3 Bg7 7. Nf3 c5 8. Rb1 O-O 9. Be2 b6 10. O-O Bb7 11. d5 {D85: Exchange Grünfeld: Unusual White 7th moves and lines with 7 Nf3} Bxc3 12. h4 {[%cal Bh2h4,Bh4h5][%mdl 32]} Nd7 13. h5 {LiveBook: 4 Games. White has an edge.} Qc7 {[#]} 14. Ng5 $146 ({Predecessor:} 14. hxg6 hxg6 15. Rb3 Bf6 16. Bh6 c4 17. Rb4 Rfc8 18. Rxc4 Qd6 19. Qd2 Rxc4 20. Bxc4 Ne5 21. Nxe5 Qxe5 22. Re1 g5 23. f4 Qd4+ {½-½ (23) Can,E (2571)-Mamedyarov,S (2764) Izmir 2016}) 14... Bf6 15. Rb3 Rad8 16. hxg6 hxg6 17. Rh3 Qe5 18. Bd2 {[%mdl 1024] White has compensation.} Kg7 $1 ({Avoid the trap} 18... Bxg5 $2 19. Bc3 $18) 19. Bg4 $2 (19. Bc3 $14 {stays ahead.} Qb8 20. Rh7+ Kg8 21. Qd2) 19... Rh8 $17 {[#] aiming for ...Rxh3.} ({Not} 19... Bxg5 $2 20. Bc3 $18) 20. Qf3 {Threatens to win with Bxd7.} Bc8 ({Black should try} 20... Qd4 $17 21. Be3 Qa4 22. Rxh8 Rxh8) 21. Be6 $1 $15 fxe6 $40 {[%mdl 128] Black attacks.} 22. Nxe6+ Kf7 23. Ng5+ Kg7 {[#] White must now prevent ...Rxh3.} 24. Ne6+ Kf7 {And now ...Rdg8 would win.} 25. Bh6 $2 {[%mdl 8192]} (25. Bf4 $11 Qb2 26. Bc1) 25... Rdg8 $19 26. Qe2 Nf8 27. f4 $2 (27. Bf4 Qb2 28. Qxb2 Bxb2 29. Rf3) 27... Qb2 {Black is clearly winning.} 28. Ng5+ Ke8 29. Qf3 Bxg5 30. fxg5 Bxh3 31. Qxh3 Nd7 32. Qe6 Qd4+ 33. Kh1 Qe5 34. Qc6 Kd8 {Strongly threatening ...Qxg5.} 35. Rf7 Qc7 36. Qe6 Qd6 {Precision: White = 36%, Black = 39%.} 0-1

[Event "WYCC 2018 O18"]
[Site "Halkidiki"]
[Date "2018.10.28"]
[Round "9"]
[White "Pultinevicius, Paulius"]
[Black "Dobrovoljc, Vid"]
[Result "1/2-1/2"]
[WhiteElo "2465"]
[BlackElo "2309"]
[Annotator "TA"]
[PlyCount "120"]
[EventDate "2018.10.20"]
[EventType "swiss"]
[EventCountry "GRE"]
[SourceTitle "playchess.com"]
[Source "ChessBase"]
[SourceQuality "1"]

{[%evp 11,120,1,18,0,0,0,0,0,0,0,18,19,12,15,24,13,27,23,22,15,33,6,6,-10,0,-44,-33,-21,-31,-55,-58,-90,-87,-142,-105,-98,-47,-27,-36,-42,0,0,0,-11,0,-7,-3,-18,-19,-9,-2,-5,0,-9,2,2,48,48,58,47,47,47,47,47,47,32,44,22,27,0,0,0,0,0,0,0,0,0,0,0,0,0,0,0,0,0,0,0,9,0,0,0,8,0,0,0,0,0,0,0,0,0,0,0,0,0,0,0,0,0,0]} 1. c4 Nf6 2. Nc3 e5 3. Nf3 Nc6 4. e3 Bb4 5. Qc2 O-O 6. Nd5 h6 {LiveBook: 5 Partien. A28: Englische Eröffnung (Vierspringer-Variante)} (6... Be7 7. a3 d6 8. Ng5 g6 9. Nxe7+ Qxe7 10. d3 Ng4 11. Nf3 f5 12. h3 Nf6 13. b3 b6 14. Bb2 Bb7 {½-½ (46) Laznicka,V (2662)-Eljanov,P (2703) Batumi 2018}) 7. a3 Bd6 8. b4 e4 9. Nxf6+ Qxf6 10. Bb2 Qe6 $146 ({Vorgänger:} 10... Ne5 11. c5 Nxf3+ 12. gxf3 Be5 13. Bxe5 Qxe5 14. Qc3 Qxc3 15. dxc3 exf3 16. Bc4 a5 17. Bd5 {½-½ (17) Ojeda,J (2366)-Munoz Portugal,G (2248) ICCF email 2007}) 11. Nd4 Nxd4 12. Bxd4 c6 13. g3 Re8 14. Bg2 Bf8 15. O-O d5 16. cxd5 Qxd5 17. Qb2 Bg4 18. Rfc1 (18. d3 $5) 18... Bf3 19. Bf1 Red8 20. Rab1 h5 {[%cal Bh6h5,Bh5h4][%mdl 32]} 21. Rc3 {[#]} h4 $1 {[%mdl 512]} 22. d3 ({Besser ist} 22. Qc2) (22. gxh4 Qf5) 22... exd3 23. Bxd3 Bd6 (23... a5 $17 {Weiss muss nun ...hxg3 beachten.} 24. Rc2 axb4 25. axb4 Ra4) 24. Qc2 $15 Qh5 25. Be4 $1 hxg3 26. Bxf3 Qxf3 ({Nicht} 26... gxh2+ $2 27. Kg2 $18) 27. fxg3 Re8 28. Rf1 {[%cal Bb1f1,Bf1f5,Bf5g5][%mdl 32]} Qe4 29. Rf5 (29. Qxe4 {is more complex.} Rxe4 30. Rb3 Be7 31. Rd1 Re6 32. Bc5) 29... Qxc2 30. Rxc2 Re6 31. Rcf2 f6 32. g4 $36 {[%mdl 2048] Weiss hat Druck.} Rf8 33. g5 {[%cal Rg5f6]} fxg5 34. Rxg5 Re7 35. Rxf8+ Kxf8 36. Bxa7 $14 {[%mdl 4096] Endspiel KTL-KTL} Kf7 37. Bd4 g6 38. Kg2 b5 39. h4 Re8 40. Kf3 Ra8 {Die Stellung ist ausgeglichen.} 41. Bb2 Be7 42. Rg4 Rd8 43. Rf4+ Ke6 44. Re4+ Kf7 $1 45. Rf4+ Ke6 46. Bd4 Ra8 47. Rg4 Kf7 48. Bb2 Rd8 49. Ke2 Rd5 50. Bc3 Rh5 51. Be1 Bf6 52. Kd3 Bb2 53. Rf4+ Ke7 54. Rg4 Kf7 55. Rg2 Rd5+ $1 56. Ke4 Re5+ 57. Kd3 Rd5+ 58. Ke4 Re5+ 59. Kf4 Rf5+ 60. Ke4 Re5+ {Precision: Weiß = 55%, Schwarz = 69%.} 1/2-1/2